[Event "4. Kesarovski-Georgiev Memorial"]
[Site "Sunny Beach BUL"]
[Date "2005.09.18"]
[Round "3.24"]
[White "Bonev, Todor"]
[Black "Nikolova, Adriana"]
[Result "1-0"]
[WhiteElo "2234"]
[BlackElo "2035"]
[PlyCount "71"]
[EventDate "2005.09.16"]
[EventType "swiss"]
[EventRounds "9"]
[EventCountry "BUL"]
[Source "lmi"]
[SourceDate "2005.09.25"]

1. e4 c5 2. Nf3 d6 3. d4 cxd4 4. Nxd4 Nf6 5. Nc3 a6 6. Bc4 e6 7. Bb3 Qc7 8. O-O
Nc6 9. f4 b5 10. Be3 Bb7 11. Qf3 b4 12. Na4 Ne7 13. Qh3 Bxe4 14. Rae1 Ned5 15.
Bc1 Qa7 16. c3 bxc3 17. bxc3 Be7 18. Kh1 h5 19. f5 e5 20. Rxe4 Nxe4 21. Bxd5
exd4 22. Bxe4 Rc8 23. f6 Kd8 24. fxe7+ Qxe7 25. Bd5 f6 26. cxd4 Qe2 27. Qf3
Qxf3 28. gxf3 Re8 29. Bf4 Rc2 30. Bb3 Rce2 31. Bxd6 Rd2 32. d5 Ree2 33. Nc3 Rf2
34. Re1 Rxf3 35. Ba4 Kc8 36. Bc6 1-0

[Event "4. Kesarovski-Georgiev Memorial"]
[Site "Sunny Beach BUL"]
[Date "2005.09.18"]
[Round "3.25"]
[White "Angelov, Zvetomir"]
[Black "Angelov, Kosta"]
[Result "1/2-1/2"]
[WhiteElo "2098"]
[BlackElo "2232"]
[PlyCount "87"]
[EventDate "2005.09.16"]
[EventType "swiss"]
[EventRounds "9"]
[EventCountry "BUL"]
[Source "lmi"]
[SourceDate "2005.09.25"]

1. c4 e5 2. Nc3 Nc6 3. Nf3 g6 4. g3 Bg7 5. Bg2 d6 6. O-O Be6 7. d3 h6 8. Rb1
Nge7 9. e4 O-O 10. b4 Qd7 11. Nd5 Kh7 12. b5 Nd8 13. Nh4 c6 14. Nxe7 Qxe7 15.
a4 c5 16. Qe1 Bf6 17. Nf3 Qd7 18. Qd2 Bg7 19. Nh4 Bh3 20. Bb2 Bf6 21. Nf5 Bg5
22. f4 Bxg2 23. Kxg2 Bxf4 24. gxf4 gxf5 25. fxe5 Rg8+ 26. Kh1 fxe4 27. Rg1 Ne6
28. dxe4 Ng5 29. Rbf1 Qh3 30. Qf4 dxe5 31. Bxe5 Raf8 32. Rg3 Qe6 33. Bd6 Qxe4+
34. Qxe4+ Nxe4 35. Rxg8 Rxg8 36. Rxf7+ Rg7 37. Rxg7+ Kxg7 38. Bb8 a6 39. bxa6
bxa6 40. Kg2 Kf6 41. Kf3 Nd2+ 42. Ke2 Nxc4 43. Ba7 Ke5 44. Bxc5 1/2-1/2

[Event "4. Kesarovski-Georgiev Memorial"]
[Site "Sunny Beach BUL"]
[Date "2005.09.18"]
[Round "3.26"]
[White "Pionova, Sonja"]
[Black "Angelov, Angel"]
[Result "1/2-1/2"]
[WhiteElo "2084"]
[BlackElo "2222"]
[PlyCount "59"]
[EventDate "2005.09.16"]
[EventType "swiss"]
[EventRounds "9"]
[EventCountry "BUL"]
[Source "lmi"]
[SourceDate "2005.09.25"]

1. e4 c6 2. d4 d5 3. exd5 cxd5 4. Bd3 Nf6 5. c3 Nc6 6. Bf4 a6 7. Nd2 g6 8. h3
Bg7 9. Ngf3 O-O 10. O-O Nh5 11. Bh2 Bh6 12. Re1 Nf4 13. Bc2 f6 14. Nf1 Qd6 15.
Ne3 Kh8 16. Nh4 Bd7 17. Qf3 e5 18. Bxf4 exf4 19. Nxd5 Bg5 20. Bxg6 hxg6 21.
Nxg6+ Kg7 22. Nxf8 Rxf8 23. Re2 Rf7 24. Rae1 Nxd4 25. cxd4 Bc6 26. Qg4 Qxd5 27.
h4 Bd7 28. Qh5 Bc6 29. Qg4 Bd7 30. Qh5 1/2-1/2

[Event "4. Kesarovski-Georgiev Memorial"]
[Site "Sunny Beach BUL"]
[Date "2005.09.18"]
[Round "3.27"]
[White "Kacakovski, Dimitar"]
[Black "Vasilev, Plamen"]
[Result "1-0"]
[WhiteElo "2213"]
[BlackElo "2011"]
[PlyCount "63"]
[EventDate "2005.09.16"]
[EventType "swiss"]
[EventRounds "9"]
[EventCountry "BUL"]
[Source "lmi"]
[SourceDate "2005.09.25"]

1. e4 c6 2. c4 d5 3. exd5 cxd5 4. cxd5 Nf6 5. Bb5+ Nbd7 6. Nc3 a6 7. Qa4 Rb8 8.
Bxd7+ Bxd7 9. Qf4 g6 10. Nf3 Bg7 11. O-O O-O 12. Re1 Bf5 13. d4 Re8 14. Bd2 Rc8
15. Qh4 Nxd5 16. Nxd5 Qxd5 17. Rxe7 Be4 18. Re1 Rxe7 19. Qxe7 f5 20. Ng5 Bxg2
21. Ne6 Bxd4 22. Nxd4 Qxd4 23. Qe6+ Kg7 24. Bc3 Rxc3 25. Qe7+ Kh6 26. bxc3 Qg4
27. Qe3+ f4 28. Qe6 Qg5 29. h4 Qxh4 30. Kxg2 f3+ 31. Kxf3 Qh5+ 32. Kg3 1-0

[Event "4. Kesarovski-Georgiev Memorial"]
[Site "Sunny Beach BUL"]
[Date "2005.09.18"]
[Round "3.29"]
[White "Gjurov, Asparuh"]
[Black "Dimitrov, Pavel"]
[Result "0-1"]
[WhiteElo "1939"]
[BlackElo "2161"]
[PlyCount "68"]
[EventDate "2005.09.16"]
[EventType "swiss"]
[EventRounds "9"]
[EventCountry "BUL"]
[Source "lmi"]
[SourceDate "2005.09.25"]

1. Nf3 c5 2. c4 d6 3. Nc3 Nf6 4. g3 g6 5. Bg2 Bg7 6. O-O O-O 7. d3 Nc6 8. a3 a6
9. Rb1 Bg4 10. Nd5 Rb8 11. b4 cxb4 12. axb4 Nxd5 13. cxd5 Bxf3 14. Bxf3 Nd4 15.
Bg2 Qb6 16. Be3 Rbc8 17. Bxd4 Bxd4 18. e3 Bc3 19. Qb3 Rc7 20. Rfc1 Rfc8 21. Rc2
Bxb4 22. Rxc7 Rxc7 23. d4 a5 24. Bf1 Qa7 25. Qa4 Qb8 26. Qb5 Qc8 27. Kg2 Kg7
28. Bd3 Rc3 29. Be4 Qg4 30. Bf3 Qf5 31. Rd1 Qc2 32. Qxb7 Rxe3 33. Qc6 Rc3 34.
Qd7 Rxf3 0-1

[Event "4. Kesarovski-Georgiev Memorial"]
[Site "Sunny Beach BUL"]
[Date "2005.09.19"]
[Round "4.3"]
[White "Savchenko, Stanislav"]
[Black "Petrov, Marijan"]
[Result "1-0"]
[WhiteElo "2506"]
[BlackElo "2406"]
[PlyCount "93"]
[EventDate "2005.09.16"]
[EventType "swiss"]
[EventRounds "9"]
[EventCountry "BUL"]
[Source "lmi"]
[SourceDate "2005.09.25"]

1. d4 g6 2. c4 Bg7 3. e4 c5 4. d5 d6 5. Nc3 e6 6. Bd3 Nf6 7. h3 O-O 8. Nf3 Na6
9. O-O Nc7 10. dxe6 Nxe6 11. Be3 Nd7 12. Be2 Ne5 13. Nxe5 dxe5 14. Qxd8 Rxd8
15. Bg4 h5 16. Bxe6 Bxe6 17. Nd5 Bxd5 18. cxd5 Bf8 19. Rfc1 Rdc8 20. a4 f5 21.
f3 f4 22. Bf2 Bd6 23. Rc2 Rc7 24. a5 Kf7 25. Kf1 Rac8 26. Ke2 Ke7 27. Rac1 Kd7
28. Kd3 a6 29. Rc4 g5 30. Ke2 Be7 31. g3 Bd6 32. gxf4 exf4 33. Rg1 Rg8 34. Bh4
Be7 35. e5 b5 36. axb6 Rb7 37. Be1 Rxb6 38. Bc3 Rgb8 39. Kd3 Rc8 40. Ke4 Re8
41. Ra4 Bd8 42. Rga1 Bc7 43. e6+ Kc8 44. Rxa6 Rxa6 45. Rxa6 Kb7 46. Ra1 Bd6 47.
Be5 1-0

[Event "4. Kesarovski-Georgiev Memorial"]
[Site "Sunny Beach BUL"]
[Date "2005.09.19"]
[Round "4.5"]
[White "Janev, Evgeni"]
[Black "Kozhuharov, Spas"]
[Result "1-0"]
[WhiteElo "2460"]
[BlackElo "2391"]
[PlyCount "83"]
[EventDate "2005.09.16"]
[EventType "swiss"]
[EventRounds "9"]
[EventCountry "BUL"]
[Source "lmi"]
[SourceDate "2005.09.25"]

1. e4 c5 2. Nf3 d6 3. d4 cxd4 4. Nxd4 Nf6 5. Nc3 Nc6 6. f3 e5 7. Nb3 Be7 8. Be3
O-O 9. Qd2 a5 10. Bb5 Na7 11. Bc4 Be6 12. Bxe6 fxe6 13. Rd1 Nc6 14. O-O a4 15.
Nc1 a3 16. bxa3 Na5 17. Qd3 Qc7 18. Nb5 Qc6 19. Bf2 Nc4 20. Qb3 Ra5 21. a4 Rfa8
22. Nc3 d5 23. exd5 exd5 24. Nd3 Kh8 25. Rfe1 d4 26. Nb5 Rxa4 27. Nxe5 Nxe5 28.
Rxe5 Rb4 29. Qd3 Rxa2 30. Nxd4 Qd7 31. h4 Ra8 32. Qe2 Bd6 33. Re6 Rd8 34. c3
Ra4 35. h5 Nd5 36. Re1 Raa8 37. g3 Nxc3 38. Qd3 Bb4 39. h6 gxh6 40. Qc4 Nd5 41.
Nf5 Bxe1 42. Qd4+ 1-0

[Event "4. Kesarovski-Georgiev Memorial"]
[Site "Sunny Beach BUL"]
[Date "2005.09.19"]
[Round "4.6"]
[White "Iotov, Valentin"]
[Black "Collas, Silvia"]
[Result "1/2-1/2"]
[WhiteElo "2447"]
[BlackElo "2372"]
[PlyCount "43"]
[EventDate "2005.09.16"]
[EventType "swiss"]
[EventRounds "9"]
[EventCountry "BUL"]
[Source "lmi"]
[SourceDate "2005.09.25"]

1. d4 Nf6 2. c4 e6 3. Nc3 Bb4 4. e3 c5 5. Bd3 O-O 6. Nf3 d5 7. O-O cxd4 8. exd4
dxc4 9. Bxc4 b6 10. Bg5 Bb7 11. Rc1 Be7 12. a3 Nc6 13. Qd3 Nd5 14. Ne4 h6 15.
Bd2 Nf6 16. Ng3 Bd6 17. Ba2 Ne7 18. Rfe1 Rc8 19. Bb1 Rxc1 20. Bxc1 Bb8 21. Ne5
Qd5 22. f3 1/2-1/2

[Event "4. Kesarovski-Georgiev Memorial"]
[Site "Sunny Beach BUL"]
[Date "2005.09.19"]
[Round "4.7"]
[White "Nikolov, Momchil"]
[Black "Dobrev, Nanko"]
[Result "1/2-1/2"]
[WhiteElo "2400"]
[BlackElo "2426"]
[PlyCount "97"]
[EventDate "2005.09.16"]
[EventType "swiss"]
[EventRounds "9"]
[EventCountry "BUL"]
[Source "lmi"]
[SourceDate "2005.09.25"]

1. e4 e5 2. Nf3 Nc6 3. Bb5 a6 4. Ba4 Nf6 5. O-O Be7 6. Re1 b5 7. Bb3 d6 8. c3
O-O 9. h3 Na5 10. Bc2 c5 11. d4 Qc7 12. Nbd2 cxd4 13. cxd4 Be6 14. Nf1 Rac8 15.
Ne3 Nc4 16. Re2 Rfe8 17. d5 Bd7 18. Bd3 Nb6 19. b3 g6 20. Bd2 Nh5 21. Ba5 Nf4
22. Rc2 Qa7 23. Rac1 Rxc2 24. Rxc2 Bd8 25. Bf1 Rf8 26. Bb4 Qb8 27. Qc1 f5 28.
Qa3 Rf6 29. Ng5 Bc8 30. Rxc8 Qxc8 31. Bxd6 h6 32. Nf3 fxe4 33. Nd2 Nbxd5 34.
Nxe4 Re6 35. Ng4 Qc2 36. f3 h5 37. Ngf2 Ne3 38. Qxa6 Ne2+ 39. Kh1 Nxf1 40. Qa8
Nfg3+ 41. Kh2 Nf1+ 42. Kh1 Re8 43. Qd5+ Kg7 44. Qb7+ Kg8 45. Qd5+ Kg7 46. Qb7+
Kh6 47. Qf7 Neg3+ 48. Kg1 Ne2+ 49. Kh1 1/2-1/2

[Event "4. Kesarovski-Georgiev Memorial"]
[Site "Sunny Beach BUL"]
[Date "2005.09.19"]
[Round "4.8"]
[White "Vasilev, Milen"]
[Black "Badev, Kiril"]
[Result "1/2-1/2"]
[WhiteElo "2419"]
[BlackElo "2241"]
[PlyCount "56"]
[EventDate "2005.09.16"]
[EventType "swiss"]
[EventRounds "9"]
[EventCountry "BUL"]
[Source "lmi"]
[SourceDate "2005.09.25"]

1. d4 d6 2. g3 e5 3. dxe5 dxe5 4. Qxd8+ Kxd8 5. Nc3 c6 6. Bg2 Bf5 7. e4 Be6 8.
f4 Nd7 9. Nf3 f6 10. Be3 g6 11. O-O-O Kc7 12. fxe5 Nxe5 13. Bf4 Bh6 14. Nd4 Bg4
15. Rdf1 Rd8 16. Nb3 Bf8 17. h3 Bc8 18. Rf2 h5 19. Rhf1 Bd6 20. Nd2 b6 21. Nf3
Re8 22. Rd1 Rh7 23. Rfd2 Rd7 24. h4 Nc4 25. Re2 Rdd8 26. Nd4 Bg4 27. Bf3 Bxf4+
28. gxf4 Nh6 1/2-1/2

[Event "4. Kesarovski-Georgiev Memorial"]
[Site "Sunny Beach BUL"]
[Date "2005.09.19"]
[Round "4.10"]
[White "Kjurkchiiski, Georgi"]
[Black "Velikov, Petar"]
[Result "0-1"]
[WhiteElo "2257"]
[BlackElo "2422"]
[PlyCount "112"]
[EventDate "2005.09.16"]
[EventType "swiss"]
[EventRounds "9"]
[EventCountry "BUL"]
[Source "lmi"]
[SourceDate "2005.09.25"]

1. Nf3 c5 2. g3 Nc6 3. Bg2 g6 4. O-O Bg7 5. c4 e6 6. Nc3 Nge7 7. d3 O-O 8. Bf4
d6 9. Rb1 h6 10. h4 e5 11. Bd2 Be6 12. Qc1 Kh7 13. a3 Qd7 14. Kh2 Rac8 15. b4
f5 16. Ng1 b6 17. b5 Nd8 18. Nd5 Bg8 19. a4 Ne6 20. a5 Nxd5 21. Bxd5 Nd4 22.
Bg2 f4 23. axb6 axb6 24. e3 fxg3+ 25. fxg3 Rxf1 26. Qxf1 Rf8 27. Qd1 Nf5 28. h5
gxh5 29. Qxh5 Bf7 30. Qh3 Be6 31. Be4 Kg8 32. Qh5 Ne7 33. Kg2 Bg4 34. Qh4 Nf5
35. Qh2 Qa7 36. Rf1 Qa2 37. Rf2 h5 38. Kh1 Qb1 39. Qg2 Bh6 40. Bxf5 Bxf5 41.
Qd5+ Kh7 42. e4 Bg6 43. Rxf8 Bxf8 44. Bg5 Qd1 45. Kg2 Qc2+ 46. Kf1 Kg7 47. Ne2
Bf7 48. Qa8 Qxd3 49. Bh6+ Kxh6 50. Qxf8+ Kg6 51. Kf2 Qd2 52. Qc8 Bxc4 53. Qf5+
Kg7 54. Qxh5 Qxe2+ 55. Qxe2 Bxe2 56. Kxe2 Kg6 0-1

[Event "4. Kesarovski-Georgiev Memorial"]
[Site "Sunny Beach BUL"]
[Date "2005.09.19"]
[Round "4.12"]
[White "Kolev, Ivan"]
[Black "Grigorov, Grigor"]
[Result "0-1"]
[WhiteElo "2162"]
[BlackElo "2400"]
[PlyCount "62"]
[EventDate "2005.09.16"]
[EventType "swiss"]
[EventRounds "9"]
[EventCountry "BUL"]
[Source "lmi"]
[SourceDate "2005.09.25"]

1. e4 c5 2. Nc3 Nc6 3. g3 g6 4. Bg2 Bg7 5. d3 d6 6. f4 e6 7. Nf3 Nge7 8. O-O
O-O 9. Be3 Nd4 10. Rb1 b6 11. Ne2 Nxf3+ 12. Bxf3 Bb7 13. d4 f5 14. exf5 Bxf3
15. Rxf3 Nxf5 16. Qd3 Qc7 17. c4 Rae8 18. Bf2 Qb7 19. dxc5 bxc5 20. Nc3 Nd4 21.
Ne4 Nxf3+ 22. Qxf3 Qc7 23. Rd1 Rd8 24. g4 Be5 25. f5 exf5 26. Ng5 fxg4 27. Qd5+
Kh8 28. Ne6 Qe7 29. Bg3 Bxg3 30. hxg3 Rf5 31. Qe4 Re8 0-1

[Event "4. Kesarovski-Georgiev Memorial"]
[Site "Sunny Beach BUL"]
[Date "2005.09.19"]
[Round "4.13"]
[White "Ivanov, Jordan"]
[Black "Kacakovski, Dimitar"]
[Result "1/2-1/2"]
[WhiteElo "2347"]
[BlackElo "2213"]
[PlyCount "131"]
[EventDate "2005.09.16"]
[EventType "swiss"]
[EventRounds "9"]
[EventCountry "BUL"]
[Source "lmi"]
[SourceDate "2005.09.25"]

1. d4 d5 2. c4 e6 3. Nc3 c5 4. e3 Nf6 5. Nf3 Nc6 6. cxd5 exd5 7. Be2 Be7 8. O-O
a6 9. b3 O-O 10. Bb2 Ne4 11. Rc1 cxd4 12. Nxd4 Nxd4 13. Qxd4 Bf6 14. Qd1 Qa5
15. Nxe4 Bxb2 16. Rc5 Qxa2 17. Rxd5 Be6 18. Rd2 Qa3 19. Qb1 Bf5 20. Bd3 Rfd8
21. Rfd1 Kf8 22. f3 Be5 23. Ng5 Qc5 24. Re2 Bxd3 25. Rxd3 Bxh2+ 26. Kxh2 Qxg5
27. Rxd8+ Rxd8 28. Qxh7 Rd6 29. Qe4 Rd1 30. Rc2 Qh6+ 31. Kg3 Qd6+ 32. f4 g5 33.
Kg4 gxf4 34. exf4 Qd7+ 35. Qf5 Qxf5+ 36. Kxf5 Rd5+ 37. Kf6 Rd6+ 38. Ke5 Rb6 39.
Rc3 Ke7 40. g4 Rb5+ 41. Kd4 Ke6 42. Kc4 b6 43. b4 Rd5 44. Re3+ Kd6 45. Re8 b5+
46. Kc3 Kd7 47. Ra8 Rd6 48. f5 f6 49. Ra7+ Ke8 50. Rg7 Kf8 51. Rg6 Ke7 52. g5
fxg5 53. Rxg5 Kf7 54. Rg6 Rd5 55. Rxa6 Rxf5 56. Kd4 Ke7 57. Rc6 Kd7 58. Rc5
Rxc5 59. Kxc5 Kc7 60. Kxb5 Kb7 61. Kc5 Kc7 62. b5 Kb7 63. b6 Kb8 64. Kc6 Kc8
65. b7+ Kb8 66. Kb6 1/2-1/2

[Event "4. Kesarovski-Georgiev Memorial"]
[Site "Sunny Beach BUL"]
[Date "2005.09.19"]
[Round "4.14"]
[White "Arnaudov, G  Petar"]
[Black "Panbukchian, Valentin"]
[Result "1/2-1/2"]
[WhiteElo "2207"]
[BlackElo "2339"]
[PlyCount "128"]
[EventDate "2005.09.16"]
[EventType "swiss"]
[EventRounds "9"]
[EventCountry "BUL"]
[Source "lmi"]
[SourceDate "2005.09.25"]

1. e4 d5 2. exd5 Qxd5 3. Nf3 Bg4 4. Be2 Nc6 5. d4 O-O-O 6. c4 Qf5 7. Be3 Nf6 8.
O-O e5 9. d5 e4 10. Nd4 Nxd4 11. Bxd4 Bd6 12. f3 Qh5 13. g3 Bh3 14. fxe4 Qg6
15. e5 Bxe5 16. Bxe5 Qe4 17. Rf2 Qxe5 18. Nc3 h5 19. Rf4 Qe3+ 20. Kh1 h4 21.
Qd4 Qxd4 22. Rxd4 hxg3 23. hxg3 Bf1+ 24. Kg1 Bxe2 25. Nxe2 Rde8 26. Nc3 Rh3 27.
Kg2 Reh8 28. b3 Rh2+ 29. Kf3 Rc2 30. Ne4 Nd7 31. Rd2 Rxd2 32. Nxd2 Rh2 33. Re1
Kd8 34. Re2 Rh1 35. Ne4 f6 36. Nf2 Rf1 37. Kg2 Rb1 38. Nd3 a5 39. Nf4 g5 40.
Ne6+ Kc8 41. Nxg5 b5 42. Re8+ Kb7 43. Ne6 bxc4 44. bxc4 Rb2+ 45. Kh3 Ne5 46.
Re7 Rxa2 47. Rxc7+ Ka6 48. d6 Rd2 49. d7 Rxd7 50. Nc5+ Kb6 51. Rxd7 Kxc5 52.
Rd5+ Kb4 53. Rb5+ Ka4 54. Rb6 Nxc4 55. Rxf6 Kb3 56. g4 a4 57. g5 Ne5 58. Re6
Nd3 59. Kg3 a3 60. g6 a2 61. Ra6 Nc5 62. Ra7 Ne6 63. Kg4 Kb2 64. Kf5 Ng7+
1/2-1/2

[Event "4. Kesarovski-Georgiev Memorial"]
[Site "Sunny Beach BUL"]
[Date "2005.09.19"]
[Round "4.15"]
[White "Todorov, Ognjan"]
[Black "Milchev, Nikolay"]
[Result "1/2-1/2"]
[WhiteElo "2335"]
[BlackElo "2182"]
[PlyCount "142"]
[EventDate "2005.09.16"]
[EventType "swiss"]
[EventRounds "9"]
[EventCountry "BUL"]
[Source "lmi"]
[SourceDate "2005.09.25"]

1. d4 Nf6 2. Nf3 d6 3. c4 Nbd7 4. Nc3 e5 5. e4 Be7 6. Be2 O-O 7. O-O exd4 8.
Nxd4 Re8 9. Be3 Nc5 10. f3 a5 11. Qd2 Bf8 12. Rad1 c6 13. Nxc6 Ncxe4 14. Nxd8
Nxd2 15. Bxd2 Rxd8 16. Bg5 Be7 17. Rfe1 Be6 18. b3 h6 19. Bh4 g5 20. Bf2 d5 21.
c5 Rac8 22. Na4 Rc7 23. Bb5 Nd7 24. Bxd7 Rdxd7 25. Bd4 Rc6 26. a3 g4 27. f4 Bf8
28. b4 Bf5 29. Rc1 Be4 30. b5 Re6 31. Red1 g3 32. hxg3 Rg6 33. Kf2 h5 34. Rh1
Bg7 35. Bxg7 Kxg7 36. Rxh5 d4 37. c6 bxc6 38. Nc5 Rd5 39. Rhh1 Bf5 40. b6 Rd8
41. Rhd1 Rb8 42. b7 Rd6 43. Kf3 d3 44. Rd2 Be6 45. Rc3 Rd5 46. Rdxd3 Kf6 47.
Rxd5 Bxd5+ 48. Ke3 Ke7 49. Kd4 Bxg2 50. Rb3 Kd6 51. Na6 c5+ 52. Nxc5 Kc6 53.
Na6 Rxb7 54. Rxb7 Kxb7 55. Nc5+ Kc6 56. g4 Bh3 57. Nd3 f6 58. g5 fxg5 59. fxg5
Kd6 60. Nf4 Bf5 61. Nd3 Ke6 62. Nc5+ Kf7 63. Ke5 Kg6 64. Kf4 Bc2 65. Nb7 a4 66.
Nd6 Bb1 67. Nc4 Bc2 68. Ne5+ Kh5 69. Nf3 Kg6 70. Nd2 Bd3 71. Nf3 Bc2 1/2-1/2

[Event "4. Kesarovski-Georgiev Memorial"]
[Site "Sunny Beach BUL"]
[Date "2005.09.19"]
[Round "4.16"]
[White "Dimitrov, Pavel"]
[Black "Stoinev, Metodi"]
[Result "1-0"]
[WhiteElo "2161"]
[BlackElo "2285"]
[PlyCount "89"]
[EventDate "2005.09.16"]
[EventType "swiss"]
[EventRounds "9"]
[EventCountry "BUL"]
[Source "lmi"]
[SourceDate "2005.09.25"]

1. e4 e5 2. Nf3 Nc6 3. Bc4 Bc5 4. c3 Nf6 5. d3 a6 6. Bb3 d6 7. Nbd2 O-O 8. O-O
Be6 9. Bc2 b5 10. h3 h6 11. Re1 Bb6 12. Nf1 Ne7 13. Ng3 Ng6 14. d4 Nh7 15. Nf5
Qf6 16. Nh2 c5 17. Ng4 Qd8 18. Be3 cxd4 19. cxd4 Ba5 20. Re2 Nf4 21. Bxf4 exf4
22. e5 Bxf5 23. Bxf5 dxe5 24. Nxe5 Qg5 25. Be4 Rad8 26. Nc6 Bb6 27. Nxd8 Rxd8
28. Rd2 f5 29. Bf3 Qf6 30. Qb3+ Kh8 31. Re1 Ng5 32. Rd3 Kh7 33. d5 Qg6 34. Kf1
Ne4 35. Re2 Rc8 36. Rd1 Rc4 37. Qd3 Ng5 38. d6 Qf6 39. Qd5 Rc5 40. Qb7 Bd8 41.
d7 Rc7 42. Qd5 Rc4 43. Re8 Nxf3 44. Qg8+ Kg6 45. Re6 1-0

[Event "4. Kesarovski-Georgiev Memorial"]
[Site "Sunny Beach BUL"]
[Date "2005.09.19"]
[Round "4.17"]
[White "Vladimirov, Vladimir"]
[Black "Ljangov, Petar"]
[Result "1/2-1/2"]
[WhiteElo "2267"]
[BlackElo "2140"]
[PlyCount "146"]
[EventDate "2005.09.16"]
[EventType "swiss"]
[EventRounds "9"]
[EventCountry "BUL"]
[Source "lmi"]
[SourceDate "2005.09.25"]

1. g3 c5 2. Bg2 Nc6 3. e4 g6 4. f4 d6 5. Nf3 Bg7 6. O-O e6 7. d3 Nge7 8. c3 O-O
9. Be3 b6 10. Nbd2 Ba6 11. Qe2 d5 12. e5 Rc8 13. Bf2 Qd7 14. a4 Bb7 15. h3 Rce8
16. Rac1 Nd8 17. b3 Nec6 18. g4 f6 19. Bh4 fxe5 20. Nxe5 Nxe5 21. fxe5 Rxf1+
22. Rxf1 Rf8 23. Bf6 Nc6 24. g5 Ne7 25. Bxg7 Kxg7 26. Rxf8 Kxf8 27. d4 cxd4 28.
cxd4 Nf5 29. Nf3 Qc8 30. Qd2 Qc7 31. h4 Qf7 32. Qf4 Ne7 33. Qf6 Ng8 34. Qd8+
Kg7 35. Nh2 h5 36. gxh6+ Nxh6 37. Nf3 Qf4 38. Qc7+ Qf7 39. Ng5 Qxc7 40. Nxe6+
Kf7 41. Nxc7 Nf5 42. Nb5 a6 43. Nd6+ Nxd6 44. exd6 Ke6 45. Bf1 Kxd6 46. Bd3 Ke6
47. Bxg6 Kf6 48. Bd3 a5 49. Kf2 Bc8 50. Kg3 Bd7 51. Kf4 Be8 52. Be2 Bg6 53. Bf3
Ke6 54. Bd1 Be4 55. h5 Bd3 56. Kg5 b5 57. axb5 Bxb5 58. Bc2 Kf7 59. Bg6+ Kg7
60. h6+ Kh8 61. Bc2 Bf1 62. Kf6 Bg2 63. Ke5 Bf3 64. Kf4 Be2 65. Ke3 Bh5 66. Kd2
Be8 67. Bf5 Bc6 68. Ke3 a4 69. b4 a3 70. Bb1 Bb5 71. Kf4 Bd3 72. Ba2 Bc4 73.
Bb1 Bd3 1/2-1/2

[Event "4. Kesarovski-Georgiev Memorial"]
[Site "Sunny Beach BUL"]
[Date "2005.09.19"]
[Round "4.19"]
[White "Karakehajov, Kalin"]
[Black "Angelov, Zvetomir"]
[Result "1-0"]
[WhiteElo "2385"]
[BlackElo "2098"]
[PlyCount "69"]
[EventDate "2005.09.16"]
[EventType "swiss"]
[EventRounds "9"]
[EventCountry "BUL"]
[Source "lmi"]
[SourceDate "2005.09.25"]

1. e4 Nc6 2. Nc3 e5 3. Bc4 Nf6 4. d3 Bb4 5. Nge2 d5 6. exd5 Nxd5 7. Bxd5 Qxd5
8. O-O Qd7 9. f4 f5 10. fxe5 Nxe5 11. d4 Ng6 12. Nf4 Nxf4 13. Bxf4 O-O 14. Qd3
Bxc3 15. Qxc3 b6 16. Bxc7 Ba6 17. Rf2 Rac8 18. Qb3+ Qf7 19. Be5 Bc4 20. Qg3 Qd7
21. c3 Rf7 22. Rf4 Bd5 23. Raf1 Bxa2 24. Rxf5 Rxf5 25. Rxf5 Rf8 26. Rxf8+ Kxf8
27. Bxg7+ Kf7 28. Be5 b5 29. h3 Bc4 30. Qf3+ Kg8 31. Qf6 Bd3 32. d5 a5 33. Qh8+
Kf7 34. Qg7+ Ke8 35. Qg8+ 1-0

[Event "4. Kesarovski-Georgiev Memorial"]
[Site "Sunny Beach BUL"]
[Date "2005.09.19"]
[Round "4.20"]
[White "Dimitrov, Radoslav"]
[Black "Jordanov, Nikolay"]
[Result "1/2-1/2"]
[WhiteElo "2099"]
[BlackElo "2257"]
[PlyCount "118"]
[EventDate "2005.09.16"]
[EventType "swiss"]
[EventRounds "9"]
[EventCountry "BUL"]
[Source "lmi"]
[SourceDate "2005.09.25"]

1. f4 c5 2. Nf3 g6 3. e3 Bg7 4. Be2 Nf6 5. O-O O-O 6. Qe1 d6 7. d3 Nc6 8. Na3
Rb8 9. c4 a6 10. Rb1 Nb4 11. Bd2 Nxa2 12. Nc2 b5 13. Ra1 Nb4 14. Nxb4 cxb4 15.
cxb5 Qb6 16. bxa6 Bxa6 17. d4 Bxe2 18. Qxe2 Rfc8 19. Ra6 Qb7 20. Rfa1 Qe4 21.
Ra7 Nd5 22. Kf1 Bf6 23. Ne1 e5 24. Qf3 Qxf3+ 25. Nxf3 exf4 26. exf4 Rc4 27. Rd7
Bxd4 28. Rxd6 Ne3+ 29. Ke2 Bxb2 30. Rb1 Nf5 31. Rd3 Re8+ 32. Kf2 Bc3 33. Bxc3
bxc3 34. Rc1 c2 35. g4 Ng7 36. Kg3 Rec8 37. Rd2 Ne6 38. Kg2 Nxf4+ 39. Kf1 Rc3
40. Ne1 Kg7 41. Rdxc2 Rxc2 42. Rxc2 Rxc2 43. Nxc2 Kf6 44. Kf2 Kg5 45. Kg3 Ne2+
46. Kf3 Nc1 47. Kg3 Nd3 48. Nd4 Ne5 49. h3 h5 50. gxh5 Kxh5 51. Ne2 Kg5 52. Nd4
Nc4 53. Nf3+ Kf5 54. Nd4+ Ke4 55. Nc2 Nb6 56. Kf2 Nd5 57. Kg3 Ke5 58. Kf3 Nf4
59. h4 Nh5 1/2-1/2

[Event "4. Kesarovski-Georgiev Memorial"]
[Site "Sunny Beach BUL"]
[Date "2005.09.19"]
[Round "4.21"]
[White "Bojchev, Marian"]
[Black "Pionova, Sonja"]
[Result "1-0"]
[WhiteElo "2240"]
[BlackElo "2084"]
[PlyCount "97"]
[EventDate "2005.09.16"]
[EventType "swiss"]
[EventRounds "9"]
[EventCountry "BUL"]
[Source "lmi"]
[SourceDate "2005.09.25"]

1. d4 c5 2. d5 g6 3. e4 d6 4. c4 Bg7 5. Nc3 Na6 6. f4 Nc7 7. Bd3 a6 8. Nf3 Bg4
9. O-O Nf6 10. Qb3 Bxf3 11. Rxf3 Rb8 12. Bd2 O-O 13. a4 Nd7 14. Re1 e6 15. Kh1
exd5 16. exd5 Nf6 17. a5 Qd7 18. h3 Qd8 19. Na4 Nh5 20. Bc2 Bf6 21. Qa3 Bh4 22.
g3 Bf6 23. b4 cxb4 24. Bxb4 Re8 25. Rxe8+ Nxe8 26. Qe3 Nhg7 27. Nb6 Be7 28. Rf1
Nf6 29. Re1 Bf8 30. Ba4 Nf5 31. Qd3 h5 32. Bc3 Bg7 33. Qf3 Qc7 34. g4 hxg4 35.
hxg4 Nxg4 36. Bxg7 Kxg7 37. Qxg4 Rh8+ 38. Kg2 Qc5 39. Qe2 Qxa5 40. Qb2+ f6 41.
Re6 Rf8 42. Nd7 Qxa4 43. Nxf8 Kxf8 44. Qxf6+ Kg8 45. Qxg6+ Ng7 46. Rxd6 Qa5 47.
Qd3 Qa2+ 48. Kh3 Qa1 49. Qf3 1-0

[Event "4. Kesarovski-Georgiev Memorial"]
[Site "Sunny Beach BUL"]
[Date "2005.09.19"]
[Round "4.22"]
[White "Angelov, Kosta"]
[Black "Draganova, Petranka"]
[Result "1-0"]
[WhiteElo "2232"]
[BlackElo "2069"]
[PlyCount "45"]
[EventDate "2005.09.16"]
[EventType "swiss"]
[EventRounds "9"]
[EventCountry "BUL"]
[Source "lmi"]
[SourceDate "2005.09.25"]

1. e4 d5 2. exd5 Qxd5 3. Nc3 Qd8 4. Bc4 Nf6 5. d4 c6 6. Nf3 Bf5 7. O-O e6 8.
Ne5 Nbd7 9. f4 h5 10. a4 Bb4 11. Ne2 h4 12. c3 Be7 13. a5 Qc7 14. b4 Nd5 15. b5
c5 16. b6 axb6 17. Bb5 N5f6 18. axb6 Qc8 19. Ra7 Rxa7 20. bxa7 Be4 21. Qa4 b6
22. Nxd7 Nxd7 23. Bxd7+ 1-0

[Event "4. Kesarovski-Georgiev Memorial"]
[Site "Sunny Beach BUL"]
[Date "2005.09.19"]
[Round "4.23"]
[White "Dikov, Dian"]
[Black "Orev, Petar"]
[Result "0-1"]
[WhiteElo "2068"]
[BlackElo "2222"]
[PlyCount "116"]
[EventDate "2005.09.16"]
[EventType "swiss"]
[EventRounds "9"]
[EventCountry "BUL"]
[Source "lmi"]
[SourceDate "2005.09.25"]

1. d4 Nf6 2. Nf3 g6 3. c4 Bg7 4. Nc3 d5 5. e3 O-O 6. h3 c5 7. Be2 cxd4 8. Nxd4
a6 9. O-O dxc4 10. Bxc4 b5 11. Be2 Qb6 12. Bf3 Ra7 13. Qb3 e5 14. Nde2 Be6 15.
Nd5 Nxd5 16. Bxd5 Bxd5 17. Qxd5 Rd7 18. Qb3 Nc6 19. a3 Rc8 20. Nc3 Na5 21. Qa2
Nc4 22. Kh1 f5 23. e4 Qc6 24. f3 Bf8 25. Nd5 Rf7 26. Bg5 h6 27. Bh4 g5 28. Bg3
f4 29. Bf2 Bc5 30. Rac1 Qd6 31. b4 Bxf2 32. Rxf2 h5 33. a4 g4 34. axb5 axb5 35.
Qb3 Ra8 36. Ra2 Rfa7 37. Rca1 Rxa2 38. Rxa2 Rxa2 39. Qxa2 gxf3 40. Qa8+ Kh7 41.
Qb7+ Kh6 42. gxf3 Qe6 43. Qxb5 Qxh3+ 44. Kg1 Qg3+ 45. Kh1 Qxf3+ 46. Kg1 Qxe4
47. Qc6+ Qg6+ 48. Qxg6+ Kxg6 49. b5 Kf5 50. b6 Nd6 51. Kf2 e4 52. Ne7+ Kf6 53.
Nc6 Nb7 54. Nd4 h4 55. Ne2 Ke5 56. Ng1 Nc5 57. Nh3 Kf5 58. Ng1 Kg4 0-1